000 00631nam a2200181 i 4500
001 120020
003 ES-MaACL
005 20250810092850.0
007 t|
008 070214s1917 sp r ||||1| spa d
100 1 _aPiñar.
_992251
245 1 0 _aProtección a la infancia
_b: fraternidad humana, la sanidad y la cultura harán la paz entre los hombres : bases fundamentales de la Pedagogía /
_cpor el Dr. Piñar.
260 _aMadrid :
_b[s. n.],
_c1917.
300 _a15 p. ;
_c21 cm.
650 7 _aProtección de menores
_2embne
_9162471
852 _aES-MaACL
_j1511-F-16
_z.- Dec. ms. del autor
999 _c120020
_d120020